| 000 | 00716 a2200193 4500 | ||
|---|---|---|---|
| 020 | _a0691128413 | ||
| 020 | _a9780691128412 | ||
| 082 | _a523.0187 | ||
| 090 |
_c1255 _d1255 |
||
| 100 | 1 | _aParker, Eugene N. | |
| 245 | 1 | 0 |
_aConversations on electric and magnetic fields in the cosmos / _cEugene N. Parker. |
| 260 |
_a[S.l.] : _bPrinceton University Press, _c2007. |
||
| 300 |
_a196 p. ; _c24 cm. |
||
| 490 | 1 | _aPrinceton series in geology & paleontology. | |
| 700 | _aParker, Eugene N. | ||
| 830 | 0 | _aPrinceton series in geology & paleontology. | |
| 942 |
_aSNS _cBK _k523.0187 PAR |
||
| 999 |
_c29868 _d29868 |
||